000 00898nas a2200265 4500
001 BR9001336
003 BR-BrBNA
005 20231205091836.0
007 ta
008 230509b bl.|||p| |||| 00| 00por d
040 _aBR-BrBNA
_bpor
_cBiblioteca Nacional de Agricultura
041 _a(Pt)
072 _aL53
100 1 _aOba, E.
100 1 _aMuniz, L.M.R.
100 1 _aDefine, R.M.
100 1 _aRamos, A. de A.
245 1 _aDeterminacao por radioimunoanalise dos niveis sericos de hormonio foliculo estimulante, hormonio luteinizante e testosterona de bovinos nelore em diferentes idade
650 _aGADO NELORE
650 _aTOURO
650 _aEFICIENCIA REPRODUTIVA
773 0 _tArquivo Brasileiro de Medicina Veterinaria e Zootecnia (Brazil)
_xISSN 0102-0935
_g(Feb 1988), v. 40(1) p. 25-34
_wBR9001336
909 _a202311
_bLúcia
_c55
_dLúcia Elande
942 _2AGRIS
_n0
_cANA
999 _c127687
_d127687